[Event "Olympiad Women-43"]
[Site "Batumi"]
[Date "2018.09.30"]
[Round "6.57"]
[White "Jefo, Suzete Vicente"]
[Black "Simenda, Daisy"]
[Result "0-1"]
[WhiteElo "1379"]
[BlackElo "1509"]
[PlyCount "120"]
[EventDate "2018.09.24"]
[EventType "team-swiss"]
[EventRounds "11"]
[EventCountry "GEO"]
[SourceTitle "EXT 2020"]
[Source "ChessBase"]
[SourceDate "2019.10.17"]
[SourceVersion "1"]
[SourceVersionDate "2019.10.17"]
[SourceQuality "1"]
[WhiteTeam "Mozambique (W)"]
[BlackTeam "Zambia (W)"]
[WhiteTeamCountry "MOZ"]
[BlackTeamCountry "ZAM"]

1. d4 Nf6 2. Bf4 d5 3. Nf3 e6 4. e3 Nh5 5. Bd3 Nxf4 6. exf4 c5 7. Bb5+ Nd7 8. Bxd7+ Bxd7 9. 0-0 c4 10. b3 b5 11. bxc4 bxc4 12. c3 Be7 13. Re1 0-0 14. Ne5 Be8 15. Nd2 Bd6 16. Ndf3 Qc8 17. g3 f6 18. Ng4 Bh5 19. Nd2 f5 20. Nf6+ Rxf6 21. Qxh5 Rg6 22. Kh1 Bxf4 23. gxf4 Qc7 24. Re5 Rf8 25. Qe2 Rff6 26. Nf3 Rh6 27. Rg1 Qb6 28. Ng5 Kf8 29. Re1 Ke7 30. Rxd5 Qc6 31. Qf3 Rfg6 32. Rde5 Qxf3+ 33. Nxf3 Rh3 34. Ng5 Rxc3 35. Rxe6+ Rxe6 36. Rxe6+ Kd7 37. Kg2 h6 38. Re5 hxg5 39. fxg5 g6 40. Rc5 Rc1 41. Kf3 c3 42. h4 c2 43. Kg2 a5 44. Kf3 a4 45. a3 Kd6 46. Kg2 Ke6 47. Kf3 Ra1 48. Rxc2 Rxa3+ 49. Kg2 Rd3 50. Rc4 a3 51. Ra4 f4 52. Kf1 Rd1+ 53. Ke2 Ra1 54. f3 a2 55. Ra5 Rh1 56. Rxa2 Rh2+ 57. Kd3 Rxa2 58. Ke4 Rh2 59. Kxf4 Rxh4+ 60. Ke3 Kd5 0-1

[Event "Africa-ch (Women)"]
[Site "Livingstone"]
[Date "2018.05.16"]
[Round "5"]
[White "Simenda, Daisy"]
[Black "Banda, Maria"]
[Result "1/2-1/2"]
[WhiteElo "1502"]
[BlackElo "1584"]
[PlyCount "120"]
[EventDate "2018.05.13"]
[EventType "swiss"]
[EventRounds "9"]
[EventCountry "ZAM"]
[SourceTitle "CBM 184 Extra"]
[Source "ChessBase"]
[SourceDate "2018.06.28"]
[SourceVersion "1"]
[SourceVersionDate "2018.06.28"]
[SourceQuality "1"]

1. d4 d5 2. c4 dxc4 3. e3 Nf6 4. Bxc4 Nc6 5. Nf3 Bg4 6. Nbd2 e6 7. 0-0 Bd6 8. h3 Bh5 9. Be2 0-0 10. Nc4 Be7 11. Bd2 Ne4 12. Be1 Bg6 13. Nce5 Nxe5 14. Nxe5 Bf5 15. f3 Nd6 16. e4 Bg6 17. Nxg6 fxg6 18. Rc1 c6 19. Bf2 Qd7 20. e5 Nf5 21. Qd3 Rad8 22. Rfd1 Bg5 23. Rc3 Ne7 24. Rb3 Nd5 25. Qc4 Nf4 26. Bf1 b5 27. Qc2 Nd5 28. a3 a5 29. Rbd3 a4 30. b3 Ra8 31. b4 h6 32. h4 Bd8 33. Rc1 Ra6 34. Rdd1 g5 35. Qe4 Rf4 36. Qg6 Ne7 37. Qd3 gxh4 38. Be3 Rf5 39. Qe2 Nd5 40. Bf2 Nf4 41. Qe1 Qe7 42. Rc2 Rh5 43. Qe4 Nd5 44. Bd3 Rf5 45. Rdc1 Qd7 46. Bxh4 Bxh4 47. Qxh4 Rf4 48. Qh5 Nxb4 49. axb4 Qxd4+ 50. Rf2 Qxd3 51. Qe8+ Kh7 52. Qxe6 Qd5 53. Qc8 Ra7 54. e6 Re7 55. Rxc6 Rc4 56. Rxc4 Qxc4 57. Qxc4 bxc4 58. Rc2 Rxe6 59. Rxc4 Rb6 60. b5 Rxb5 1/2-1/2

[Event "Africa-ch U18 Girls"]
[Site "Port Elizabeth"]
[Date "2016.08.23"]
[Round "3"]
[White "Aouachria, Marwa"]
[Black "Simenda, Daisy"]
[Result "1-0"]
[WhiteElo "1709"]
[BlackElo "1299"]
[PlyCount "27"]
[EventDate "2016.08.22"]
[EventType "swiss"]
[EventRounds "9"]
[EventCountry "RSA"]
[SourceTitle "CBM 174 Extra"]
[Source "ChessBase"]
[SourceDate "2016.10.10"]
[SourceVersion "1"]
[SourceVersionDate "2016.10.10"]
[SourceQuality "1"]

1. e4 e5 2. Nf3 Nc6 3. Bb5 Nge7 4. c3 a6 5. Ba4 b5 6. Bb3 Bb7 7. d4 exd4 8. Ng5 d5 9. exd5 Nxd5 10. 0-0 Be7 11. Nxf7 Kxf7 12. Qf3+ Ke6 13. Re1+ Kd6 14. Qxd5# 1-0